Nick's Geography Quiz - Statistics

General Stats
  • This quiz has been taken 18 times
  • The average score is 11 of 15
Answer Stats
Hint Answer % Correct
How many time zones does China have? 1
100%
How many Scandinavian countries border Russia? 2
100%
How many countries border Brazil? 10
93%
Ulaanbaatar is the capital city of which country? Mongolia
93%
Which is the largest of the 'Stan' countries? Kazakhstan
86%
Which is the most Eastern mainland African country? Somalia
86%
Which country, despite being in the EU and using the Euro is geographically in Asia? Cyprus
79%
To which country do The Faroe Islands belong? Denmark
79%
Brunei borders which other country? Malaysia
79%
Which is the only European country, apart from the UK, to use Greenwich Mean Time Portugal
71%
In which Canadian province is Vancouver? British Columbia
64%
Port Louis is the capital city of which Island country? Mauritius
64%
Which US city is over the border from Tijuana in Mexico? San Diego
57%
In which country was Muesli invented? Switzerland
57%
In which English county is my home city of Lichfield? Staffordshire
29%
No matching quizzes found
Score Distribution
Percent of People with Each Score
Percentile by Number Answered
Your Score History
You have not taken this quiz